Tablice rejestracyjne w Warszawie - Statystyki

Ogólne statystyki
  • Ten quiz został rozwiązany 246 razy
  • Średni wynik to 14 z 18
Statystyki odpowiedzi
Tablica rejestracyjna Dzielnica % Poprawnych
WH Praga Północ
92%
WF Praga Południe
91%
WE Mokotów
90%
WB Bemowo
88%
WI Śródmieście
88%
WA Białołęka
84%
WD Bielany
80%
WK Ursus
79%
WN Ursynów
79%
WY Wola
78%
WX Żoliborz
77%
WJ Targówek
76%
WT Wawer
74%
WU Ochota
73%
WW...K, WW...L, WW...M,WW...N, WW...U, WW...R, WW...S, WW...V, WW...P, WW...T, WW...W, WW...X, WW...Y Włochy
73%
WW...F, WW...G, WW...H,WW...J, WW...W, Wilanów
68%
WW...A, WW...C, WW...E,WW...X, WW...Y Rembertów
65%
WX...Y, WX...X Wesoła
62%
Nie znaleziono quizów pasujących do podanych kryteriów
Rozkład punktacji
Procent ludzi z każdym wynikiem
Percentyl według liczby udzielonych odpowiedzi
Twoja historia wyników
Nie rozwiązałeś tego quizu